banner koha

Vegetation Recovery of Logged-over Dipterocarp Forests In Central Kalimantan, Indonesia (Registro n. 341204)

MARC details
000 -LÍDER
fixed length control field 02150nab a2200289 i 4500
003 - CÓDIGO MARC DA AGÊNCIA CATALOGADORA
Campo de controle BR-BrBNA
005 - DATA E HORA DA ÚLTIMA ATUALIZAÇÃO
Campo de controle 20260401174802.0
008 - CAMPO DE TAMANHO FIXO
fixed length control field 260401b2019 bl.qr|pooa||| 00| 0 eng |
040 ## - FONTE DA CATALOGAÇÃO
Agência catalogadora BR-BrBNA
Idioma da catalogação eng
072 ## - CATEGORIA AGRIS
Código AGRIS K10
Código do objeto 3227
100 ## - ENTRADA PRINCIPAL - NOME PESSOAL
Nome pessoal Pamoengkas, Prijanto
100 ## - ENTRADA PRINCIPAL - NOME PESSOAL
Nome pessoal Zamzam, Ayi
100 ## - ENTRADA PRINCIPAL - NOME PESSOAL
Nome pessoal Dwisutono, Aji
245 ## - TÍTULO PRINCIPAL
Título principal Vegetation Recovery of Logged-over Dipterocarp Forests In Central Kalimantan, Indonesia
500 ## - NOTA GERAL
Nota geral Publicação on-line; 20 ref.; 10 tables; 4 illus.; Summary (En)
942 ## - ADDED ENTRY ELEMENTS (KOHA)
Koha item type Analítica
520 ## - NOTA DE RESUMO
Nota de conteúdo <br/><br/>ABSTRACT<br/><br/>Forest utilization usually has an impact on changes in forest structure and species composition.<br/>The species of trees selected and ecosystem management system that refer to biodiversity<br/>characteristics will be explained by better knowledge of Functional Species Group (FSG).<br/>The purpose of this study was to determine the composition of vegetation recovery based on<br/>FSG in production forest managed with silvicultural system known as Selective Cutting and Line<br/>Planting System (SCLP) and undisturbed forest known as Germplasm Preservation Areas (GPCA)<br/>in Central Kalimantan, Indonesia. The results showed that the proportion of climax group in<br/>the entire observation plots was greater than pioneer species group, i.e. climax 100 species and<br/>pioneer 59 species. Stand structure both climax and pioneer species group has inverse J shape<br/>curve. It means that the species composition of logged-over forest is still in balance condition,<br/>characterized with high index of diversity (H’ > 3).<br/><br/>Keywords: functional species group, selective cutting, species composition, stand structure, biodiversity.
650 ## - ASSUNTO - THESAGRO
Cabeçalho tópico ou nome geográfico INDONÉSIA
650 ## - ASSUNTO - THESAGRO
Cabeçalho tópico ou nome geográfico KALIMANTAN
650 ## - ASSUNTO - THESAGRO
Cabeçalho tópico ou nome geográfico CORTE
650 ## - ASSUNTO - THESAGRO
Cabeçalho tópico ou nome geográfico VEGETAÇÃO
650 ## - ASSUNTO - THESAGRO
Cabeçalho tópico ou nome geográfico FLORESTA
650 ## - ASSUNTO - THESAGRO
Cabeçalho tópico ou nome geográfico BIODIVERSIDADE
773 0# - ENTRADA ANALÍTICA
Host Biblionumber 2929
Registro do item 347952
Imprenta Rio de Janeiro-RJ Instituto de Florestas - UFRRJ 1994
Outro identificador 2025-0451
Título Floresta e Ambiente (Brazil)
ISSN 1415-0980 / ISSN 2179-8087 0nline
Colação v. 26(3) p. 1-11; (2019)
Número de controle de registro BR2026000245
856 ## - ACESSO E ENDEREÇO ELETRÔNICO
Identificador uniforme de recurso - URI https://www.scielo.br/j/floram/a/dwWpk4YdHcpHcJDVczPxY9d/?format=pdf&lang=en

Nenhum exemplar disponível.

BINAGRI

Telefone: (61)3218-2567/2388/3357/2097 - binagri@agro.gov.br

Ministério da Agricultura e Pecuária , Esplanada dos Ministérios, Bloco D, Anexo B, Brasília/DF, CEP: 70.043-900